100 Biggest Cities of Russia Quiz Stats

 Plays Quiz Updated Sep 11, 2017

Support Sporcle.
Go Orange.
Score 0/100 Timer 12:00
13 Plays Today
Rank City % Correct
1.Moskva
98.3%
2.Sankt-Peterburg
94.8%
13.Volgograd
76.4%
23.Vladivostok
75.6%
4.Ekaterinburg
72.1%
7.Kazan
71.8%
3.Novosibirsk
70.6%
5.Nižnij Novgorod
70%
10.Rostov-na-Donu
69.7%
9.Omsk
69%
6.Samara
66.5%
56.Murmansk
64.3%
53.Soči
64.3%
11.Ufa
64.2%
12.Perm
64.2%
24.Irkutsk
61.3%
17.Krasnodar
59%
8.Čeljabinsk
57.7%
48.Arhangelsk
56.8%
40.Kaliningrad
55.4%
14.Krasnojarsk
54.2%
36.Tomsk
53.9%
15.Saratov
52.9%
85.Groznij
52.7%
16.Voronež
49.5%
35.Astrahan
49.1%
79.Jakutsk
49%
57.Smolensk
49%
32.Tula
47.9%
22.Jaroslavl
47.7%
45.Kursk
46%
51.Vladimir
45.5%
28.Orenburg
44%
18.Toljatti
43.7%
Rank City % Correct
44.Tver
41.7%
25.Habarovsk
41.6%
30.Rjazan
40.4%
27.Tjumen
40.1%
49.Ulan-Ude
39.4%
20.Uljanovsk
38.9%
19.Iževsk
38.2%
93.Pskov
37.8%
38.Mahačkala
37.6%
41.Brjansk
37.1%
37.Kirov
36.2%
21.Barnaul
35.7%
55.Orel
35.6%
34.Lipetsk
34.8%
31.Penza
34.8%
50.Belgorod
34.6%
42.Magnitogorsk
34.3%
43.Ivanovo
33.9%
47.Stavropol
33.1%
58.Vladikavkaz
32.4%
61.Čita
32%
29.Kemerovo
31.1%
54.Kaluga
30.9%
95.Petropavlovsk-Kamčatskij
30.6%
62.Saransk
30.5%
90.Norilsk
29.3%
64.Vologda
29.3%
65.Tambov
28.1%
26.Novokuznetsk
27.6%
96.Engels
26.4%
71.Petrozavodsk
26.3%
52.Kurgan
26%
87.Velikij Novgorod
25.7%
76.Orsk
25.3%
Rank City % Correct
66.Kostroma
24.6%
80.Novorossijsk
24.5%
39.Čeboksari
24%
72.Bratsk
23.8%
46.Nižnij Tagil
22.9%
63.Surgut
22.6%
68.Nalčik
21.7%
33.Naberežnie Čelni
20.9%
67.Komsomolsk-na-Amure
20.5%
69.Taganrog
20%
60.Čerepovec
19.5%
74.Joškar-Ola
18.3%
89.Ribinsk
16.7%
77.Angarsk
16.6%
73.Dzeržinsk
16.3%
81.Siktivkar
16.3%
84.Bijsk
15.3%
97.Armavir
14.5%
75.Šahti
14.4%
94.Severodvinsk
14%
91.Blagoveščensk
13.8%
82.Zelenograd
13.5%
70.Sterlitamak
13.5%
78.Nižnevartovsk
13.3%
83.Nižnekamsk
13%
98.Zlatoust
12.7%
92.Balakovo
12.7%
99.Balašiha
12%
59.Volžskij
12%
86.Starij Oskol
11.9%
100.Kamensk-Uralskij
11.6%
88.Prokopjevsk
8.6%

From the Vault

Garden Tools

by PrincessMartell

If one plant is sad, do the others photosympathize?
Remove Ads.
Support Sporcle.
Get the best of Sporcle when you Go Orange. This ad-free experience offers more features, more stats, and more fun while also helping to support Sporcle. Thank you for becoming a member.

Show Comments

Extras

Top Quizzes Today


Score Distribution

Your Account Isn't Verified!

In order to create a playlist on Sporcle, you need to verify the email address you used during registration. Go to your Sporcle Settings to finish the process.

Report this User

Report this user for behavior that violates our Community Guidelines.

Details: